| 000 | 00619nam a2200241Ia 4500 | ||
|---|---|---|---|
| 003 | OSt | ||
| 005 | 20220504102827.0 | ||
| 008 | 210210b2019 xxu||||| |||| 00| 0 eng d | ||
| 020 | _a9789351422273 | ||
| 040 |
_aAL _c |
||
| 041 | _aeng | ||
| 082 | _a574.19283 CANB | ||
| 100 |
_aAVINASH (Upadhyay) _933111 |
||
| 245 | _aBiophysical chemistry:principles and techniques | ||
| 250 | _a4 | ||
| 260 |
_aMumbai _bHimalaya Publishing House _c2019 |
||
| 300 | _axii, 618 | ||
| 650 |
_achemistry _933113 |
||
| 690 |
_aBiochemistry _933115 |
||
| 700 |
_aUPADHYAY (Kakoli) _933116 |
||
| 906 | _a074416 | ||
| 942 |
_2ddc _cBK |
||
| 999 |
_c125192 _d125192 |
||